000
00205nam a2200085Ia 4500
008
120527s9999 xx 000 0 und d
100
_a
KRSMANOVIC,Velibor.
245
_a
Malignant cell secretion.
942
_c
BK
999
_c
23941
_d
23941